[Event "Estonian Chess Championship 2025 - Rapid tie-breaks"]
[Site "Tallinn, Estonia"]
[Date "2025.12.14"]
[Round "11.4"]
[White "Medar, Marti"]
[Black "Chukavin, Kirill"]
[Result "1/2-1/2"]
[BlackTitle "FM"]
[WhiteElo "2086"]
[BlackElo "2358"]

1. d4 {

[%clk 00:15:04]

} Nf6 {

[%clk 00:15:05]

} {

[%emt 00:00:02]

} 2. c4 {

[%clk 00:15:05]

} {

[%emt 00:00:02]

} e6 {

[%clk 00:15:07]

} {

[%emt 00:00:01]

} 3. Nc3 {

[%clk 00:15:04]

} {

[%emt 00:00:03]

} Bb4 {

[%clk 00:15:08]

} {

[%emt 00:00:03]

} 4. e3 {

[%clk 00:14:40]

} {

[%emt 00:00:26]

} O-O {

[%clk 00:15:07]

} {

[%emt 00:00:04]

} 5. Bd3 {

[%clk 00:14:34]

} {

[%emt 00:00:09]

} d5 {

[%clk 00:15:03]

} {

[%emt 00:00:07]

} 6. cxd5 {

[%clk 00:14:08]

} {

[%emt 00:00:28]

} exd5 {

[%clk 00:15:00]

} {

[%emt 00:00:06]

} 7. Nge2 {

[%clk 00:13:42]

} {

[%emt 00:00:29]

} Re8 {

[%clk 00:14:56]

} {

[%emt 00:00:07]

} 8. Bd2 {

[%clk 00:13:08]

} {

[%emt 00:00:37]

} a6 {

[%clk 00:11:53]

} {

[%emt 00:03:07]

} 9. Qc2 {

[%clk 00:12:48]

} {

[%emt 00:00:22]

} Bd6 {

[%clk 00:11:35]

} {

[%emt 00:00:21]

} 10. f3 {

[%clk 00:11:45]

} {

[%emt 00:01:06]

} c5 {

[%clk 00:10:54]

} {

[%emt 00:00:44]

} 11. O-O-O {

[%clk 00:11:18]

} {

[%emt 00:00:30]

} Nc6 {

[%clk 00:10:39]

} {

[%emt 00:00:19]

} 12. a3 {

[%clk 00:10:38]

} {

[%emt 00:01:17]

} g6 {

[%clk 00:08:01]

} {

[%emt 00:02:07]

} 13. dxc5 {

[%clk 00:08:53]

} {

[%emt 00:01:48]

} Bxc5 {

[%clk 00:07:57]

} {

[%emt 00:00:06]

} 14. e4 {

[%clk 00:08:48]

} {

[%emt 00:00:07]

} dxe4 {

[%clk 00:07:26]

} {

[%emt 00:00:35]

} 15. Nxe4 {

[%clk 00:08:41]

} {

[%emt 00:00:10]

} Nxe4 {

[%clk 00:07:26]

} {

[%emt 00:00:03]

} 16. Bxe4 {

[%clk 00:08:40]

} {

[%emt 00:00:04]

} Qb6 {

[%clk 00:07:15]

} {

[%emt 00:00:14]

} 17. Bc3 {

[%clk 00:08:03]

} {

[%emt 00:00:39]

} Be6 {

[%clk 00:07:00]

} {

[%emt 00:00:18]

} 18. Bd5 {

[%clk 00:07:22]

} {

[%emt 00:00:44]

} Bf5 {

[%clk 00:06:32]

} {

[%emt 00:00:32]

} 19. Be4 {

[%clk 00:07:20]

} {

[%emt 00:00:06]

} Be6 {

[%clk 00:06:34]

} 20. Bd5 {

[%clk 00:05:43]

} {

[%emt 00:01:40]

} Bf5 {

[%clk 00:06:35]

} {

[%emt 00:00:01]

} 21. Be4 {

[%clk 00:05:36]

} {

[%emt 00:00:09]

} Be6 {

[%clk 00:06:37]

} {

[%emt 00:00:02]

} 22. Bd5 {

[%clk 00:05:27]

} {

[%emt 00:00:12]

} Bf5 {

[%clk 00:06:05]

} {

[%emt 00:00:35]

} 23. Be4 {

[%clk 00:05:26]

} {

[%emt 00:00:04]

} 1/2-1/2

[Event "Estonian Chess Championship 2025"]
[Site "Tallinn, Estonia"]
[Date "2025.12.15"]
[Round "15.1"]
[White "Chukavin, Kirill"]
[Black "Rychagov, Nikita"]
[Result "1/2-1/2"]
[WhiteTitle "FM"]
[BlackTitle "CM"]
[WhiteElo "2358"]
[BlackElo "2222"]

1. d4 {

[%clk 01:30:34]

} {

[%emt 00:00:25]

} d5 {

[%clk 01:29:47]

} {

[%emt 00:01:13]

} 2. Nc3 {

[%clk 01:29:24]

} {

[%emt 00:01:40]

} Nf6 {

[%clk 01:30:10]

} {

[%emt 00:00:07]

} 3. Bf4 {

[%clk 01:29:47]

} {

[%emt 00:00:07]

} c5 {

[%clk 01:29:14]

} {

[%emt 00:01:26]

} 4. e4 {

[%clk 01:30:07]

} {

[%emt 00:00:08]

} cxd4 {

[%clk 01:27:22]

} {

[%emt 00:02:24]

} 5. Qxd4 {

[%clk 01:30:23]

} {

[%emt 00:00:15]

} Nc6 {

[%clk 01:27:40]

} {

[%emt 00:00:12]

} 6. Bb5 {

[%clk 01:30:46]

} {

[%emt 00:00:06]

} Bd7 {

[%clk 01:28:03]

} {

[%emt 00:00:07]

} 7. Bxc6 {

[%clk 01:31:07]

} {

[%emt 00:00:08]

} Bxc6 {

[%clk 01:28:24]

} {

[%emt 00:00:09]

} 8. e5 {

[%clk 01:31:31]

} {

[%emt 00:00:06]

} Nd7 {

[%clk 01:28:52]

} {

[%emt 00:00:03]

} 9. e6 {

[%clk 01:31:40]

} {

[%emt 00:00:20]

} fxe6 {

[%clk 01:29:19]

} {

[%emt 00:00:04]

} 10. Nf3 {

[%clk 01:32:00]

} {

[%emt 00:00:10]

} Qb6 {

[%clk 01:29:12]

} {

[%emt 00:00:37]

} 11. Qd2 {

[%clk 01:32:22]

} {

[%emt 00:00:07]

} d4 {

[%clk 01:21:25]

} {

[%emt 00:08:18]

} 12. Nxd4 {

[%clk 01:32:33]

} {

[%emt 00:00:18]

} e5 {

[%clk 01:17:39]

} {

[%emt 00:04:17]

} 13. Nxc6 {

[%clk 01:30:48]

} {

[%emt 00:02:15]

} exf4 {

[%clk 01:16:06]

} {

[%emt 00:02:03]

} 14. Nd4 {

[%clk 01:30:30]

} {

[%emt 00:00:47]

} e5 {

[%clk 01:13:51]

} {

[%emt 00:02:46]

} 15. Nf3 {

[%clk 01:16:02]

} {

[%emt 00:14:57]

} O-O-O {

[%clk 01:08:05]

} {

[%emt 00:06:16]

} 16. O-O-O {

[%clk 01:05:59]

} {

[%emt 00:10:32]

} Bc5 {

[%clk 00:58:38]

} {

[%emt 00:09:58]

} 17. Na4 {

[%clk 00:57:48]

} {

[%emt 00:08:41]

} Qc7 {

[%clk 00:48:54]

} {

[%emt 00:10:15]

} 18. Ng5 {

[%clk 00:40:35]

} {

[%emt 00:17:42]

} Nb6 {

[%clk 00:41:18]

} {

[%emt 00:08:06]

} 19. Qa5 {

[%clk 00:39:33]

} {

[%emt 00:01:32]

} Nxa4 {

[%clk 00:36:47]

} {

[%emt 00:05:01]

} 20. Qxa4 {

[%clk 00:39:53]

} {

[%emt 00:00:10]

} Rxd1+ {

[%clk 00:33:36]

} {

[%emt 00:03:41]

} 21. Rxd1 {

[%clk 00:40:17]

} {

[%emt 00:00:05]

} Bxf2 {

[%clk 00:33:26]

} {

[%emt 00:00:41]

} 22. Qe4 {

[%clk 00:33:07]

} {

[%emt 00:07:39]

} Be3+ {

[%clk 00:33:03]

} {

[%emt 00:00:54]

} 23. Kb1 {

[%clk 00:33:31]

} {

[%emt 00:00:06]

} Rd8 {

[%clk 00:20:33]

} {

[%emt 00:13:00]

} 24. Qf5+ {

[%clk 00:32:56]

} {

[%emt 00:01:04]

} Kb8 {

[%clk 00:21:00]

} {

[%emt 00:00:03]

} 25. Rxd8+ {

[%clk 00:33:19]

} {

[%emt 00:00:06]

} Qxd8 {

[%clk 00:21:26]

} {

[%emt 00:00:04]

} 26. Qxe5+ {

[%clk 00:33:38]

} {

[%emt 00:00:11]

} Ka8 {

[%clk 00:21:44]

} {

[%emt 00:00:13]

} 27. a3 {

[%clk 00:33:43]

} {

[%emt 00:00:25]

} a6 {

[%clk 00:20:10]

} {

[%emt 00:02:04]

} 28. Ka2 {

[%clk 00:28:42]

} {

[%emt 00:05:31]

} h6 {

[%clk 00:19:34]

} {

[%emt 00:01:06]

} 29. Ne6 {

[%clk 00:28:19]

} {

[%emt 00:00:53]

} Qd2 {

[%clk 00:18:45]

} {

[%emt 00:01:19]

} 30. Qe4 {

[%clk 00:27:43]

} {

[%emt 00:01:04]

} g5 {

[%clk 00:18:26]

} {

[%emt 00:00:50]

} 31. h3 {

[%clk 00:25:04]

} {

[%emt 00:03:09]

} Ka7 {

[%clk 00:18:41]

} {

[%emt 00:00:14]

} 32. Ng7 {

[%clk 00:24:30]

} {

[%emt 00:01:04]

} Qd6 {

[%clk 00:14:02]

} {

[%emt 00:05:09]

} 33. Nf5 {

[%clk 00:22:33]

} {

[%emt 00:02:27]

} Qb6 {

[%clk 00:14:29]

} {

[%emt 00:00:03]

} 34. Qd5 {

[%clk 00:15:40]

} {

[%emt 00:07:23]

} Bc5 {

[%clk 00:13:55]

} {

[%emt 00:01:04]

} 35. c4 {

[%clk 00:14:00]

} {

[%emt 00:02:10]

} a5 {

[%clk 00:12:28]

} {

[%emt 00:01:57]

} 36. Nxh6 {

[%clk 00:05:47]

} {

[%emt 00:08:42]

} Bd4 {

[%clk 00:09:30]

} {

[%emt 00:03:28]

} 37. b4 {

[%clk 00:05:49]

} {

[%emt 00:00:28]

} axb4 {

[%clk 00:09:14]

} {

[%emt 00:00:46]

} 38. axb4 {

[%clk 00:06:14]

} {

[%emt 00:00:05]

} Bc3 {

[%clk 00:07:33]

} {

[%emt 00:02:11]

} 39. Qa5+ {

[%clk 00:05:45]

} {

[%emt 00:01:00]

} Qxa5+ {

[%clk 00:07:59]

} {

[%emt 00:00:04]

} 40. bxa5 {

[%clk 00:21:11]

} {

[%emt 00:00:04]

} Bxa5 {

[%clk 00:18:30]

} {

[%emt 00:04:59]

} 41. Nf7 {

[%clk 00:21:16]

} {

[%emt 00:00:24]

} Kb6 {

[%clk 00:16:04]

} {

[%emt 00:02:57]

} 42. Nxg5 {

[%clk 00:20:13]

} {

[%emt 00:01:33]

} Kc5 {

[%clk 00:15:32]

} {

[%emt 00:01:02]

} 43. Kb3 {

[%clk 00:16:32]

} {

[%emt 00:04:11]

} Kd4 {

[%clk 00:15:40]

} {

[%emt 00:00:21]

} 44. Ne6+ {

[%clk 00:11:24]

} {

[%emt 00:05:38]

} Ke5 {

[%clk 00:14:17]

} {

[%emt 00:01:53]

} 45. Nc5 {

[%clk 00:02:25]

} {

[%emt 00:09:29]

} f3 {

[%clk 00:11:04]

} {

[%emt 00:03:43]

} 46. gxf3 {

[%clk 00:02:39]

} {

[%emt 00:00:16]

} Kf4 {

[%clk 00:11:32]

} {

[%emt 00:00:03]

} 47. Ka4 {

[%clk 00:00:48]

} {

[%emt 00:02:21]

} Bd2 {

[%clk 00:10:11]

} {

[%emt 00:01:50]

} 48. Nxb7 {

[%emt 00:00:27]

} Kxf3 {

[%clk 00:09:27]

} {

[%emt 00:01:13]

} 49. c5 {

[%clk 00:01:16]

} {

[%emt 00:00:06]

} Kg3 {

[%clk 00:07:08]

} {

[%emt 00:02:48]

} 50. Kb5 {

[%clk 00:01:22]

} {

[%emt 00:00:25]

} Kxh3 {

[%clk 00:07:21]

} {

[%emt 00:00:17]

} 51. Nd6 {

[%clk 00:01:24]

} {

[%emt 00:00:28]

} Bf4 {

[%clk 00:07:11]

} {

[%emt 00:00:39]

} 52. Kc4 {

[%clk 00:01:44]

} {

[%emt 00:00:11]

} Kg4 {

[%clk 00:06:48]

} {

[%emt 00:00:53]

} 53. Kd5 {

[%clk 00:02:09]

} {

[%emt 00:00:05]

} Be3 {

[%clk 00:06:55]

} {

[%emt 00:00:23]

} 54. c6 {

[%clk 00:02:36]

} {

[%emt 00:00:03]

} Bb6 {

[%clk 00:07:22]

} {

[%emt 00:00:03]

} 55. Nb5 {

[%clk 00:00:42]

} {

[%emt 00:02:25]

} Kf5 {

[%clk 00:07:21]

} {

[%emt 00:00:31]

} 56. Kd6 {

[%clk 00:01:01]

} {

[%emt 00:00:10]

} Ke4 {

[%clk 00:07:08]

} {

[%emt 00:00:43]

} 57. Kd7 {

[%clk 00:00:41]

} {

[%emt 00:00:51]

} Kd5 {

[%clk 00:07:14]

} {

[%emt 00:00:24]

} 58. Nc3+ {

[%clk 00:00:57]

} {

[%emt 00:00:13]

} Kc4 {

[%clk 00:07:21]

} {

[%emt 00:00:24]

} 59. Ne4 {

[%clk 00:01:02]

} {

[%emt 00:00:25]

} Kd5 {

[%clk 00:07:24]

} {

[%emt 00:00:27]

} 60. Nd6 {

[%clk 00:01:17]

} {

[%emt 00:00:15]

} Ba5 {

[%clk 00:07:13]

} {

[%emt 00:00:41]

} 61. Nb7 {

[%clk 00:00:55]

} {

[%emt 00:00:52]

} Bb6 {

[%emt 00:00:15]

} 62. Nd6 {

[%clk 00:01:15]

} {

[%emt 00:00:01]

} Ba5 {

[%clk 00:08:04]

} {

[%emt 00:00:04]

} 63. Nc8 {

[%clk 00:01:27]

} {

[%emt 00:00:17]

} Kc5 {

[%clk 00:08:23]

} {

[%emt 00:00:11]

} 64. Ne7 {

[%clk 00:01:44]

} {

[%emt 00:00:14]

} Kb5 {

[%clk 00:07:16]

} {

[%emt 00:01:37]

} 65. Kc8 {

[%clk 00:02:02]

} {

[%emt 00:00:11]

} Kc5 {

[%clk 00:07:35]

} {

[%emt 00:00:11]

} 66. Kb7 {

[%clk 00:02:13]

} {

[%emt 00:00:19]

} Bd8 {

[%clk 00:07:19]

} {

[%emt 00:00:46]

} 67. Nf5 {

[%clk 00:01:40]

} {

[%emt 00:01:02]

} Ba5 {

[%clk 00:07:26]

} {

[%emt 00:00:24]

} 68. Ng7 {

[%clk 00:02:01]

} {

[%emt 00:00:09]

} Kd6 {

[%clk 00:07:33]

} {

[%emt 00:00:23]

} 69. Nf5+ {

[%clk 00:02:24]

} {

[%emt 00:00:06]

} Kc5 {

[%clk 00:07:58]

} {

[%emt 00:00:06]

} 70. Ng3 {

[%clk 00:02:38]

} {

[%emt 00:00:16]

} Kd5 {

[%clk 00:08:13]

} {

[%emt 00:00:15]

} 71. c7 {

[%clk 00:02:19]

} {

[%emt 00:00:49]

} Bxc7 {

[%clk 00:08:40]

} {

[%emt 00:00:03]

} 72. Kxc7 {

[%clk 00:02:43]

} {

[%emt 00:00:06]

} 1/2-1/2

[Event "Estonian Chess Championship 2025"]
[Site "Tallinn, Estonia"]
[Date "2025.12.16"]
[Round "16.1"]
[White "Rychagov, Nikita"]
[Black "Chukavin, Kirill"]
[Result "0-1"]
[WhiteTitle "CM"]
[BlackTitle "FM"]
[WhiteElo "2222"]
[BlackElo "2358"]

1. e4 {

[%clk 01:30:57]

} {

[%emt 00:00:02]

} c5 {

[%clk 01:30:52]

} {

[%emt 00:00:08]

} 2. Nf3 {

[%clk 01:31:24]

} {

[%emt 00:00:04]

} e6 {

[%clk 01:31:16]

} {

[%emt 00:00:06]

} 3. d4 {

[%clk 01:31:50]

} {

[%emt 00:00:04]

} cxd4 {

[%clk 01:31:40]

} {

[%emt 00:00:05]

} 4. Nxd4 {

[%clk 01:32:17]

} {

[%emt 00:00:04]

} a6 {

[%clk 01:32:04]

} {

[%emt 00:00:06]

} 5. Bd3 {

[%clk 01:32:39]

} {

[%emt 00:00:08]

} Qc7 {

[%clk 01:32:27]

} {

[%emt 00:00:06]

} 6. O-O {

[%clk 01:32:37]

} {

[%emt 00:00:32]

} Nf6 {

[%clk 01:32:44]

} {

[%emt 00:00:12]

} 7. Qe2 {

[%clk 01:32:54]

} {

[%emt 00:00:14]

} d6 {

[%clk 01:32:50]

} {

[%emt 00:00:23]

} 8. c4 {

[%clk 01:32:47]

} {

[%emt 00:00:38]

} Be7 {

[%clk 01:31:40]

} {

[%emt 00:01:40]

} 9. Nc3 {

[%clk 01:33:10]

} {

[%emt 00:00:07]

} O-O {

[%clk 01:23:52]

} {

[%emt 00:08:17]

} 10. f4 {

[%clk 01:32:44]

} {

[%emt 00:00:57]

} Nfd7 {

[%clk 01:12:19]

} {

[%emt 00:12:04]

} 11. Be3 {

[%clk 01:29:26]

} {

[%emt 00:03:49]

} Nc6 {

[%clk 01:11:35]

} {

[%emt 00:01:13]

} 12. Nxc6 {

[%clk 01:23:08]

} {

[%emt 00:06:48]

} bxc6 {

[%clk 01:11:19]

} {

[%emt 00:00:45]

} 13. Rf3 {

[%clk 01:19:51]

} {

[%emt 00:03:47]

} Re8 {

[%clk 01:09:59]

} {

[%emt 00:01:50]

} 14. e5 {

[%clk 01:14:13]

} {

[%emt 00:06:09]

} g6 {

[%clk 01:07:20]

} {

[%emt 00:03:09]

} 15. exd6 {

[%clk 01:13:18]

} {

[%emt 00:01:25]

} Bxd6 {

[%clk 01:07:45]

} {

[%emt 00:00:05]

} 16. Ne4 {

[%clk 01:13:12]

} {

[%emt 00:00:37]

} Bf8 {

[%clk 00:59:58]

} {

[%emt 00:08:16]

} 17. c5 {

[%clk 01:12:56]

} {

[%emt 00:00:47]

} Bg7 {

[%clk 00:44:59]

} {

[%emt 00:15:28]

} 18. Rd1 {

[%clk 01:10:44]

} {

[%emt 00:02:42]

} Rb8 {

[%clk 00:34:25]

} {

[%emt 00:11:04]

} 19. b3 {

[%clk 01:10:39]

} {

[%emt 00:00:35]

} a5 {

[%clk 00:34:37]

} {

[%emt 00:00:18]

} 20. Bc4 {

[%clk 01:07:58]

} {

[%emt 00:03:11]

} Re7 {

[%clk 00:34:12]

} {

[%emt 00:00:55]

} 21. Qd2 {

[%clk 01:03:42]

} {

[%emt 00:04:47]

} Kf8 {

[%clk 00:30:06]

} {

[%emt 00:04:35]

} 22. Nd6 {

[%clk 00:58:00]

} {

[%emt 00:06:11]

} Qa7 {

[%clk 00:26:16]

} {

[%emt 00:04:21]

} 23. a4 {

[%clk 00:48:51]

} {

[%emt 00:09:40]

} Kg8 {

[%clk 00:25:41]

} {

[%emt 00:01:04]

} 24. Ne4 {

[%clk 00:48:00]

} {

[%emt 00:01:20]

} Qc7 {

[%clk 00:24:24]

} {

[%emt 00:01:48]

} 25. Bf2 {

[%clk 00:47:19]

} {

[%emt 00:01:11]

} Nf8 {

[%clk 00:21:37]

} {

[%emt 00:03:17]

} 26. Nd6 {

[%clk 00:43:28]

} {

[%emt 00:04:21]

} Qa7 {

[%clk 00:21:41]

} {

[%emt 00:00:26]

} 27. g4 {

[%clk 00:35:45]

} {

[%emt 00:08:13]

} Nd7 {

[%clk 00:20:06]

} {

[%emt 00:02:05]

} 28. Rd3 {

[%clk 00:34:08]

} {

[%emt 00:02:07]

} Nf6 {

[%clk 00:19:35]

} {

[%emt 00:01:01]

} 29. Rg3 {

[%clk 00:32:15]

} {

[%emt 00:02:23]

} Rd7 {

[%clk 00:18:46]

} {

[%emt 00:01:19]

} 30. Qe2 {

[%clk 00:32:03]

} {

[%emt 00:00:42]

} Re7 {

[%clk 00:17:48]

} {

[%emt 00:01:28]

} 31. Qf3 {

[%clk 00:27:41]

} {

[%emt 00:04:53]

} h5 {

[%clk 00:12:20]

} {

[%emt 00:05:58]

} 32. gxh5 {

[%clk 00:26:59]

} {

[%emt 00:01:12]

} Nxh5 {

[%clk 00:12:29]

} {

[%emt 00:00:20]

} 33. Rg2 {

[%clk 00:22:50]

} {

[%emt 00:04:39]

} Ba6 {

[%clk 00:11:51]

} {

[%emt 00:01:08]

} 34. Qxc6 {

[%clk 00:16:13]

} {

[%emt 00:07:07]

} Bxc4 {

[%clk 00:12:10]

} {

[%emt 00:00:11]

} 35. Nc8 {

[%clk 00:15:43]

} {

[%emt 00:01:00]

} Bxb3 {

[%clk 00:06:15]

} {

[%emt 00:06:25]

} 36. Nxa7 {

[%clk 00:15:56]

} {

[%emt 00:00:17]

} Bxd1 {

[%clk 00:06:41]

} {

[%emt 00:00:05]

} 37. Nc8 {

[%clk 00:12:39]

} {

[%emt 00:03:46]

} Reb7 {

[%clk 00:05:02]

} {

[%emt 00:02:09]

} 38. Nb6 {

[%clk 00:12:22]

} {

[%emt 00:00:47]

} Nxf4 {

[%clk 00:02:01]

} {

[%emt 00:03:30]

} 39. Bg3 {

[%clk 00:12:03]

} {

[%emt 00:00:49]

} Bd4+ {

[%clk 00:02:15]

} {

[%emt 00:00:17]

} 40. Kf1 {

[%clk 00:27:19]

} {

[%emt 00:00:14]

} Nxg2 {

[%clk 00:17:08]

} {

[%emt 00:00:37]

} 41. Bxb8 {

[%clk 00:22:06]

} {

[%emt 00:05:43]

} Ne3+ {

[%clk 00:17:21]

} {

[%emt 00:00:17]

} 42. Ke1 {

[%clk 00:22:11]

} {

[%emt 00:00:25]

} Rxb8 {

[%clk 00:14:29]

} {

[%emt 00:03:22]

} 43. Qd6 {

[%clk 00:20:09]

} {

[%emt 00:02:32]

} Bc3+ {

[%clk 00:10:12]

} {

[%emt 00:04:47]

} 44. Kf2 {

[%clk 00:20:35]

} {

[%emt 00:00:04]

} Be5 {

[%clk 00:10:22]

} {

[%emt 00:00:20]

} 45. Qd3 {

[%clk 00:18:09]

} {

[%emt 00:02:55]

} Bf4 {

[%clk 00:10:19]

} {

[%emt 00:00:33]

} 46. h3 {

[%clk 00:13:34]

} {

[%emt 00:05:05]

} Bh5 {

[%clk 00:06:44]

} {

[%emt 00:04:05]

} 47. Qd4 {

[%clk 00:09:50]

} {

[%emt 00:04:14]

} g5 {

[%clk 00:06:36]

} {

[%emt 00:00:38]

} 48. Qd7 {

[%clk 00:07:40]

} {

[%emt 00:02:40]

} Nd5 {

[%clk 00:05:29]

} {

[%emt 00:01:37]

} 49. Ke1 {

[%clk 00:06:45]

} {

[%emt 00:01:25]

} Nxb6 {

[%clk 00:04:50]

} {

[%emt 00:01:09]

} 50. cxb6 {

[%clk 00:07:12]

} {

[%emt 00:00:03]

} Bf3 {

[%clk 00:04:39]

} {

[%emt 00:00:42]

} 51. Qb5 {

[%clk 00:06:20]

} {

[%emt 00:01:22]

} Rd8 {

[%clk 00:02:31]

} {

[%emt 00:02:37]

} 52. Kf2 {

[%clk 00:06:46]

} {

[%emt 00:00:05]

} Be4 {

[%clk 00:02:46]

} {

[%emt 00:00:15]

} 53. Qxa5 {

[%clk 00:06:22]

} {

[%emt 00:00:55]

} Rd2+ {

[%clk 00:02:47]

} {

[%emt 00:00:29]

} 54. Ke1 {

[%clk 00:05:18]

} {

[%emt 00:01:34]

} Rb2 {

[%clk 00:03:10]

} {

[%emt 00:00:06]

} 55. Qa6 {

[%clk 00:04:55]

} {

[%emt 00:00:54]

} Bf3 {

[%clk 00:02:01]

} {

[%emt 00:01:39]

} 56. Qd3 {

[%clk 00:04:26]

} {

[%emt 00:00:59]

} Bd5 {

[%clk 00:01:28]

} {

[%emt 00:01:03]

} 57. a5 {

[%clk 00:04:09]

} {

[%emt 00:00:47]

} Bd2+ {

[%clk 00:01:01]

} {

[%emt 00:00:58]

} 58. Kf1 {

[%clk 00:02:48]

} {

[%emt 00:01:51]

} Bxa5 {

[%clk 00:01:18]

} {

[%emt 00:00:14]

} 59. Qa6 {

[%clk 00:02:36]

} {

[%emt 00:00:42]

} Bg2+ {

[%clk 00:01:23]

} {

[%emt 00:00:24]

} 60. Kg1 {

[%clk 00:03:00]

} {

[%emt 00:00:06]

} Bxb6+ {

[%clk 00:01:48]

} {

[%emt 00:00:06]

} 0-1